Sports Quiz

Random Sports or Basketball Quiz

Multilple NBA MVP Winners All-Time Quiz Stats

 Plays Quiz not verified by Sporcle

Challenge
Share
Tweet
Embed
Score 0/12 Timer 04:00
0 Plays Today
% Correct
Michael Jordan
97.2%
Larry Bird
89.9%
Magic Johnson
87.1%
Kareem Abdul-Jabbar
86.3%
Steve Nash
85.7%
Bill Russell
85.5%
Wilt Chamberlain
83.6%
Tim Duncan
82.4%
Karl Malone
79.4%
Moses Malone
78.4%
Bob Pettit
41.8%
Lebron James
38.8%

You're not logged in!

Compare scores with friends on all Sporcle quizzes.
Join for Free
OR
Log In

You Might Also Like...

Show Comments

Extras

Top Quizzes Today


Score Distribution

Your Account Isn't Verified!

In order to create a playlist on Sporcle, you need to verify the email address you used during registration. Go to your Sporcle Settings to finish the process.

Report this User

Report this user for behavior that violates our Community Guidelines.

Details: